|
|
|
|
| LEADER |
01132nam a2200301 a 4500 |
| 001 |
386 |
| 003 |
BD-DhAAL |
| 005 |
20150217092354.0 |
| 008 |
150217r1991 caua b 001 0 eng |
| 010 |
|
|
|a 90024581
|
| 020 |
|
|
|a 0803940912
|
| 020 |
|
|
|a 0803940920 (pbk.)
|
| 040 |
|
|
|a DLC
|c DLC
|d DLC
|d BD-DhAAL
|
| 050 |
0 |
0 |
|a H62
|b .R443 1991
|
| 082 |
0 |
0 |
|a 300/.72
|2 20
|
| 245 |
0 |
0 |
|a Replication research in the social sciences /
|c edited by James W. Neuliep.
|
| 260 |
|
|
|a Newbury Park :
|b Sage Publications,
|c c1991.
|
| 300 |
|
|
|a 517 p. :
|b ill. ;
|c 23 cm.
|
| 500 |
|
|
|a "Originally published as a special issue of the Journal of social behavior and personality."
|
| 504 |
|
|
|a Includes bibliographical references and indexes.
|
| 541 |
|
|
|e 386
|
| 650 |
|
0 |
|a Social sciences
|x Research.
|9 8498
|
| 650 |
|
0 |
|a Social sciences
|x Methodology.
|9 6655
|
| 650 |
|
0 |
|a Replication (Experimental design)
|9 7536
|
| 700 |
1 |
|
|a Neuliep, James William,
|d 1957-
|9 8499
|
| 942 |
|
|
|2 ddc
|c BK
|
| 999 |
|
|
|c 33718
|d 33718
|
| 952 |
|
|
|0 0
|1 0
|2 ddc
|4 0
|6 300_720000000000000_REP
|7 0
|9 52659
|a SCL
|b SCL
|c GEN
|d 2015-02-17
|l 0
|o 300.72 REP
|p 3020000386
|r 2015-02-17
|t 1
|w 2015-02-17
|y BK
|